00725nab a2200217 uc450000100070000000500170000700800410002403500110006503500210007604000130009704100080011010000350011824500650015365000200021865000290023865000190026765000300028670000370031670000460035377301080039993072920240201200619.0050616s2005 spa  a930729 a(OCoLC)820324890 ccomduadb aspa10aZabalagui Yarnoz, A.4auteaut10aGrupos de apoyo al paciente oncologico: revision sistematica aGrupos de apoyo aAcciones de enfermería aMetaanálisis 7aOncología médica2dcs10aSanchez Quinto, Susana4auteaut10aSánchez Castillo, Pablo David4auteaut0 tEnfermería Clínica (España)gVol. 15, No. 01, Ene.-Feb. 2005, p. 17-24w725040x1130-86210232996